Green markets : (Record no. 15584)
[ view plain ]
| 000 -LEADER | |
|---|---|
| fixed length control field | 00676cam a2200193 a 4500 |
| 020 ## - INTERNATIONAL STANDARD BOOK NUMBER | |
| ISBN | 155815244X : |
| 020 ## - INTERNATIONAL STANDARD BOOK NUMBER | |
| ISBN | 1558152229 (pbk.) : |
| 040 ## - CATALOGING SOURCE | |
| Transcribing agency | DLC |
| 082 00 - DEWEY DECIMAL CLASSIFICATION NUMBER | |
| Classification number | 338 ICS 1993 A078 Or. |
| 100 1# - MAIN ENTRY--AUTHOR NAME | |
| Personal name | Panaĭotov, Todor. |
| 245 10 - TITLE STATEMENT | |
| Title | Green markets : |
| Remainder of title | the economics of sustainable development / |
| 260 ## - PUBLICATION, DISTRIBUTION, ETC. (IMPRINT) | |
| Place of publication | San Francisco, Calif. : |
| Name of publisher | ICS Press, |
| Year of publication | c1993. |
| 300 ## - PHYSICAL DESCRIPTION | |
| Number of Pages | xvii, 169 p. : |
| Other physical details | ill. ; |
| Dimensions | 24 cm. |
| 490 1# - SERIES STATEMENT | |
| Series statement | ICEG sector studies series ; |
| 500 ## - GENERAL NOTE | |
| General note | "A copublication of the International Center for Economic Growth and the Harvard Institute for International Development." |
| 650 #0 - SUBJECT ADDED ENTRY--TOPICAL TERM | |
| Topical Term | Environmental policy |
| 650 #0 - SUBJECT ADDED ENTRY--TOPICAL TERM | |
| Topical Term | Sustainable development |
| 942 ## - ADDED ENTRY ELEMENTS (KOHA) | |
| Koha item type | សៀវភៅភាសាអង់គ្លេស |
| 952 ## - LOCATION AND ITEM INFORMATION (KOHA) | |
| Withdrawn status [LOCAL, KOHA] | 0 |
| Permanent Location | Date acquired | Koha item type | Lost status | Shelving location | Barcode | Current Location | Full call number |
|---|---|---|---|---|---|---|---|
| Library Block A | 2017-12-04 | សៀវភៅភាសាអង់គ្លេស | A078 | A14824 | Library Block A | 338 ICS 1993 A078 Or. |